Rosco de Pasapalabra #65 - Estadísticas

Estadísticas generales
  • Esta prueba ha sido intentada 281 veces
  • La puntuación promedio es 15 de 25
Estadísticas de respuestas
Inicial Definición Respuesta % Correcto
C Competición de velocidad entre personas que corren, conducen vehículos o montan animales Carrera
96%
F Proceso por el que las plantas verdes transforman la energía lumínica en energía química, con ayuda de la clorofila Fotosíntesis
95%
Contiene la Ñ Utensilio en forma de pinzas o tenacillas que sirve para cortar las uñas Cortaúñas
90%
M Se dice del animal que no es bravo Manso
87%
H Vivienda en la que reside una persona o una familia Hogar
85%
B Arma portátil que dispara flechas impulsadas por la combinación de un muelle en forma de arco y una cuerda Ballesta
83%
J Participio del verbo jabonar Jabonado
81%
P Rueda giratoria de borde acanalado, por el que se desliza una cuerda, y que sirve para levantar cosas pesadas Polea
79%
A Palabra o expresión inglesa usada en otra lengua Anglicismo
78%
Z Mano izquierda Zurda
77%
O Tomar posesión o apoderarse de un territorio, de un lugar o de un edificio, invadiéndolo o instalándose en él Ocupar
76%
L Nombre del personaje de ficción que es una princesa interpretada por Carrie Fisher en la saga "Star Wars" Leia
72%
Contiene la X Noticia conseguida y publicada por un solo medio informativo, que se reserva los derechos de su difusión Exclusiva
64%
S Tira de papel enrollada que, en fiestas, se arrojan unas personas a otras, teniéndola sujeta por un extremo Serpentina
63%
R Pedir algo a alguien como gracia o favor Rogar
62%
V Que se hace o estipula solo de palabra, y no por escrito Verbal
61%
Contiene la Q Pieza de hierro sobre la que se martillan los metales en la herrería Yunque
60%
I Cada ser organizado, sea animal o vegetal, respecto de la especie a que pertenece Individuo
51%
E En baloncesto, jugador que ayuda al base a organizar el juego del equipo Escolta
46%
D Perteneciente o relativo al siglo XIX Decimonónico
30%
U Abundancia de uva Uvada
22%
G Río de Turquía que pasa por la localidad de Silifke Göksu
2%
N Puré de patata Naco
1%
Contiene la Y En las carreras de caballos, juez que falla sobre el orden de llegada de los caballos Rayero
1%
T Apellido del pintor autor del mural titulado "Temprana revolución burguesa en Alemania" Tübke
1%
No se encontraron pruebas coincidentes
Distribución de puntuación
Porcentaje de gente con cada puntuación
Porcentaje por número respondido
Historial de tus puntuaciones
No has intentado esta prueba.